00457nam a2200193 a 4500001001300000003000900013005001700022008004100039020001000080082001300090100001500103245002200118260003000140300000800170500003500178505001900213650001600232700001500248nice12345678IN_TiNIC20260116011808.0050524s0000 egya grp 000 0 ara  ac10000a239bBRO aBrown, L E aMan Howa Abdulla. aEgyptbMatba-E-Neelc0000 a19p aincludes index and biblioraphy2 aReserve copies aApologetics1 aBrown, L E